| 000 | 00519nam a2200181Ia 4500 | ||
|---|---|---|---|
| 003 | GCL | ||
| 008 | 140319s9999 xx 000 0 ara d | ||
| 040 |
_aGCL / _cGCL |
||
| 082 | 0 | 4 |
_aق _b962.02 _bم ح |
| 100 | 1 | _aمحمد فؤاد شكرى | |
| 245 | 1 | 0 |
_aالحملة الفرنسية وخروج الفرنسيين من مصر / _cمحمد فؤاد شكرى |
| 260 |
_a[S.N] : _bدار الفكر العربى |
||
| 300 | _a688 ص | ||
| 490 | _a | ||
| 650 | 0 | 4 | _aمصر |
| 650 | 0 | 4 | _aتاريخ |
| 942 |
_2ddc _cBK |
||
| 999 |
_c58504 _d58504 |
||